| 000 | 00769cam a22002533a 4500 | ||
|---|---|---|---|
| 001 | 30824 | ||
| 003 | PGUSA | ||
| 005 | 20140828083651.0 | ||
| 008 | 100101s2010||||xxu|||||s|||||000 1 eng d | ||
| 040 |
_aPGUSA _beng |
||
| 042 | _adc | ||
| 050 | 4 | _aPZ | |
| 100 | 1 | _aDavenport, Spencer | |
| 245 | 1 | 4 |
_aThe Rushton Boys at Treasure Cove; Or, The Missing Chest of Gold _h[electronic resource] / _cSpencer Davenport |
| 260 |
_bProject Gutenberg, _c2010 |
||
| 506 | _aPublic domain in the USA. | ||
| 516 | _aElectronic text | ||
| 653 | _aAdventure stories | ||
| 653 | _aTreasure troves -- Juvenile fiction | ||
| 653 | _aBoats and boating -- Juvenile fiction | ||
| 830 | 0 |
_aProject Gutenberg _v30824 |
|
| 856 | 4 | 0 | _uhttp://www.gutenberg.org/ebooks/30824 |
| 942 | _cEB | ||
| 999 |
_c260079 _d260079 |
||